[Event "CUB-ch"]
[Site "Holguin"]
[Date "2002.04.10"]
[Round "9"]
[White "Quesada Perez, Yuniesky"]
[Black "Delgado Ramirez, Neuris"]
[Result "0-1"]
[WhiteElo "2411"]
[BlackElo "2506"]
[PlyCount "82"]
[EventDate "2002.03.31"]
[EventType "tourn"]
[EventRounds "17"]
[EventCountry "CUB"]
[EventCategory "9"]
[SourceTitle "CBM 089"]
[Source "ChessBase"]
[SourceDate "2002.08.12"]
[SourceVersion "1"]
[SourceVersionDate "2002.08.12"]
[SourceQuality "1"]

1. e4 e5 2. Nf3 Nf6 3. Nc3 Bb4 4. Nxe5 O-O 5. Be2 Re8 6. Nd3 Bxc3 7. dxc3 Nxe4
8. O-O d6 9. Nf4 Nd7 10. c4 Ndc5 11. f3 Ng5 12. b3 Nge6 13. Nh5 g6 14. Ng3 Qf6
15. Rb1 Qd4+ 16. Qxd4 Nxd4 17. Bd1 a5 18. Kf2 Bd7 19. Bb2 Nde6 20. Bc3 f5 21.
Re1 b6 22. Be2 Nf4 23. Bf1 Kf7 24. Rxe8 Rxe8 25. Ne2 Nxe2 26. Bxe2 f4 27. g4
Bxg4 28. Rg1 Bf5 29. Bd1 h6 30. h4 Ne6 31. Rh1 c5 32. Bd2 g5 33. hxg5 hxg5 34.
c3 Bd3 35. a3 Kg7 36. Re1 Kf6 37. Rh1 Kg6 38. b4 Ng7 39. Rh2 Nf5 40. Kg1 Nh4
41. Kf2 Kf5 0-1

[Event "CUB-ch"]
[Site "Holguin"]
[Date "2002.04.11"]
[Round "10"]
[White "Delgado Ramirez, Neuris"]
[Black "Alvarez, Jose"]
[Result "1/2-1/2"]
[WhiteElo "2506"]
[BlackElo "2403"]
[PlyCount "51"]
[EventDate "2002.03.31"]
[EventType "tourn"]
[EventRounds "17"]
[EventCountry "CUB"]
[EventCategory "9"]
[SourceTitle "CBM 089"]
[Source "ChessBase"]
[SourceDate "2002.08.12"]
[SourceVersion "1"]
[SourceVersionDate "2002.08.12"]
[SourceQuality "1"]

1. e4 d6 2. d4 Nf6 3. Nc3 e5 4. Nf3 Nbd7 5. g3 Be7 6. Bg2 O-O 7. O-O Re8 8. h3
Bf8 9. Re1 c6 10. a4 b6 11. b3 a6 12. Bb2 Bb7 13. Qd2 b5 14. Nh2 Qb6 15. axb5
axb5 16. Rxa8 Bxa8 17. Nf3 Bb7 18. b4 exd4 19. Nxd4 Ne5 20. Nf5 Nc4 21. Qg5
Nxb2 22. Nh6+ Kh8 23. Nxf7+ Kg8 24. Nh6+ Kh8 25. Nf7+ Kg8 26. Nh6+ 1/2-1/2

[Event "CUB-ch"]
[Site "Holguin"]
[Date "2002.04.12"]
[Round "11"]
[White "Gomez Fontal, Felix Manuel"]
[Black "Delgado Ramirez, Neuris"]
[Result "0-1"]
[WhiteElo "2406"]
[BlackElo "2506"]
[PlyCount "66"]
[EventDate "2002.03.31"]
[EventType "tourn"]
[EventRounds "17"]
[EventCountry "CUB"]
[EventCategory "9"]
[SourceTitle "CBM 089"]
[Source "ChessBase"]
[SourceDate "2002.08.12"]
[SourceVersion "1"]
[SourceVersionDate "2002.08.12"]
[SourceQuality "1"]

1. d4 Nf6 2. c4 e6 3. g3 Bb4+ 4. Bd2 Be7 5. Bg2 d5 6. Nf3 O-O 7. O-O b6 8. cxd5
exd5 9. Nc3 Bb7 10. Ne5 h6 11. Qa4 c5 12. Be3 Bd6 13. Rfd1 Re8 14. f4 Nbd7 15.
Nxd7 Nxd7 16. Bf2 Nf6 17. dxc5 Bxc5 18. Bxc5 bxc5 19. Qb5 Qe7 20. Bf3 Rab8 21.
Qd3 d4 22. Na4 Bxf3 23. exf3 Rb4 24. b3 c4 25. Qd2 c3 26. Qf2 Rd8 27. Rd3 Rc8
28. Rc1 Nd5 29. h4 Qf6 30. Rdd1 d3 31. Kf1 Qf5 32. Nc5 Qh3+ 33. Kg1 d2 0-1

[Event "CUB-ch"]
[Site "Holguin"]
[Date "2002.04.13"]
[Round "12"]
[White "Bruzon Batista, Lazaro"]
[Black "Delgado Ramirez, Neuris"]
[Result "1-0"]
[WhiteElo "2569"]
[BlackElo "2506"]
[PlyCount "67"]
[EventDate "2002.03.31"]
[EventType "tourn"]
[EventRounds "17"]
[EventCountry "CUB"]
[EventCategory "9"]
[SourceTitle "CBM 089"]
[Source "ChessBase"]
[SourceDate "2002.08.12"]
[SourceVersion "1"]
[SourceVersionDate "2002.08.12"]
[SourceQuality "1"]

1. e4 c5 2. Nf3 d6 3. d4 cxd4 4. Nxd4 Nf6 5. Nc3 a6 6. Be3 e5 7. Nb3 Be7 8. f3
Be6 9. Qd2 O-O 10. O-O-O Qc7 11. g4 Rc8 12. Kb1 d5 13. exd5 Nxd5 14. Nxd5 Bxd5
15. Be2 Bxb3 16. axb3 Rd8 17. Qc3 Nc6 18. Bd3 Rac8 19. Be4 Rd6 20. Bc5 Rxd1+
21. Rxd1 g6 22. Be3 Bf8 23. h4 Rd8 24. Rh1 Qd7 25. h5 Nd4 26. hxg6 hxg6 27. Qd2
Bg7 28. Qh2 Kf8 29. Bh6 Bxh6 30. Qxh6+ Ke7 31. Qg5+ Ke6 32. f4 exf4 33. Re1 Kd6
34. c3 1-0

[Event "CUB-ch"]
[Site "Holguin"]
[Date "2002.04.14"]
[Round "13"]
[White "Delgado Ramirez, Neuris"]
[Black "Gongora Reyes, Maikel"]
[Result "1-0"]
[WhiteElo "2506"]
[BlackElo "2408"]
[PlyCount "117"]
[EventDate "2002.03.31"]
[EventType "tourn"]
[EventRounds "17"]
[EventCountry "CUB"]
[EventCategory "9"]
[SourceTitle "CBM 089"]
[Source "ChessBase"]
[SourceDate "2002.08.12"]
[SourceVersion "1"]
[SourceVersionDate "2002.08.12"]
[SourceQuality "1"]

1. e4 c5 2. Nf3 d6 3. c3 Nf6 4. Bd3 Nc6 5. Bc2 Bg4 6. d3 e6 7. Nbd2 Be7 8. h3
Bh5 9. Qe2 d5 10. Nf1 Qa5 11. g4 Bg6 12. Bd2 Qb5 13. e5 Qxb2 14. Qd1 Nd7 15.
Ng3 Ndxe5 16. Nxe5 Nxe5 17. Rb1 Qa3 18. Qe2 Nc6 19. O-O c4 20. f4 cxd3 21. Bxd3
Bxd3 22. Qxd3 b6 23. f5 Qc5+ 24. Kh1 e5 25. Nh5 g6 26. Ng7+ Kd7 27. Rb5 e4 28.
Rxc5 exd3 29. Rxd5+ Kc8 30. fxg6 fxg6 31. Ne6 Rb8 32. Rxd3 Rb7 33. Bf4 Rd7 34.
Rfd1 Rxd3 35. Rxd3 Nd8 36. Nd4 Rf8 37. Bg3 Rf1+ 38. Kg2 Ra1 39. Rd2 Rc1 40. h4
Bc5 41. Ne2 Rb1 42. Nd4 Rc1 43. h5 gxh5 44. gxh5 a6 45. Ne2 Rb1 46. Kf3 Rf1+
47. Kg4 Nf7 48. Bf4 Rf2 49. Ng3 Rxd2 50. Bxd2 Kd7 51. Kf5 Be7 52. Bf4 Nd6+ 53.
Bxd6 Kxd6 54. Ne4+ Kd5 55. Nf6+ Kc4 56. Nxh7 Kxc3 57. h6 Kb2 58. Kg6 Kxa2 59.
Nf6 1-0

[Event "CUB-ch"]
[Site "Holguin"]
[Date "2002.04.16"]
[Round "14"]
[White "Herrera, Irisberto"]
[Black "Delgado Ramirez, Neuris"]
[Result "1/2-1/2"]
[WhiteElo "2474"]
[BlackElo "2506"]
[PlyCount "54"]
[EventDate "2002.03.31"]
[EventType "tourn"]
[EventRounds "17"]
[EventCountry "CUB"]
[EventCategory "9"]
[SourceTitle "CBM 089"]
[Source "ChessBase"]
[SourceDate "2002.08.12"]
[SourceVersion "1"]
[SourceVersionDate "2002.08.12"]
[SourceQuality "1"]

1. e4 c5 2. Nf3 d6 3. d4 cxd4 4. Nxd4 Nf6 5. Nc3 Nc6 6. Bg5 Bd7 7. f4 h6 8.
Bxf6 gxf6 9. Nf5 Qa5 10. Bd3 h5 11. Qd2 e6 12. Ne3 a6 13. Nc4 Qc7 14. a4 h4 15.
O-O Na5 16. Ne3 Qb6 17. Kh1 h3 18. g3 Qb4 19. Rfe1 Rc8 20. Qc1 Qb6 21. Rb1 Be7
22. Qd2 Qb4 23. Qe2 Kd8 24. Qf2 Qb6 25. Qd2 Qb4 26. Qf2 Qb6 27. Qd2 Qb4 1/2-1/2

[Event "CUB-ch"]
[Site "Holguin"]
[Date "2002.04.17"]
[Round "15"]
[White "Delgado Ramirez, Neuris"]
[Black "Vazquez Igarza, Renier"]
[Result "1-0"]
[WhiteElo "2506"]
[BlackElo "2442"]
[PlyCount "101"]
[EventDate "2002.03.31"]
[EventType "tourn"]
[EventRounds "17"]
[EventCountry "CUB"]
[EventCategory "9"]
[SourceTitle "CBM 089"]
[Source "ChessBase"]
[SourceDate "2002.08.12"]
[SourceVersion "1"]
[SourceVersionDate "2002.08.12"]
[SourceQuality "1"]

1. e4 e5 2. Nf3 Nc6 3. Bb5 a6 4. Ba4 Nf6 5. Qe2 b5 6. Bb3 Be7 7. a4 Bb7 8. d3
O-O 9. O-O Re8 10. axb5 axb5 11. Rxa8 Bxa8 12. Nc3 Na5 13. Ba2 b4 14. Nd5 b3
15. Nxe7+ Qxe7 16. cxb3 c5 17. b4 cxb4 18. Bg5 h6 19. Bh4 b3 20. Bb1 d6 21. Re1
Nc6 22. Qd1 Rb8 23. d4 Nxd4 24. Nxd4 exd4 25. Qxd4 Qe5 26. Qxe5 dxe5 27. Bxf6
gxf6 28. Rd1 Kf8 29. f3 Ke7 30. Kf2 Bc6 31. Bd3 Bd7 32. Bc4 Be6 33. Bxe6 Kxe6
34. g4 Rc8 35. Ke3 Rc2 36. Rd2 Rc1 37. Rd3 Rc2 38. Rxb3 Rxh2 39. Rb6+ Ke7 40.
Rb7+ Ke6 41. b4 h5 42. gxh5 Rxh5 43. b5 Rh1 44. Rb6+ Ke7 45. Rc6 Rb1 46. b6
Rb3+ 47. Ke2 Rb4 48. Kd3 Rd4+ 49. Kc3 Rd6 50. Rxd6 Kxd6 51. Kb4 1-0

[Event "CUB-ch"]
[Site "Holguin"]
[Date "2002.04.18"]
[Round "16"]
[White "De la Paz Perdomo, Frank"]
[Black "Delgado Ramirez, Neuris"]
[Result "0-1"]
[WhiteElo "2427"]
[BlackElo "2506"]
[PlyCount "70"]
[EventDate "2002.03.31"]
[EventType "tourn"]
[EventRounds "17"]
[EventCountry "CUB"]
[EventCategory "9"]
[SourceTitle "CBM 089"]
[Source "ChessBase"]
[SourceDate "2002.08.12"]
[SourceVersion "1"]
[SourceVersionDate "2002.08.12"]
[SourceQuality "1"]

1. e4 e5 2. Bc4 Nf6 3. d3 c6 4. Nf3 d5 5. Bb3 Bb4+ 6. c3 Bd6 7. O-O O-O 8. Re1
dxe4 9. dxe4 Na6 10. Nbd2 Qe7 11. Nc4 Bc7 12. Bc2 b5 13. Ne3 Nc5 14. Nf5 Bxf5
15. exf5 Rad8 16. Qe2 e4 17. Nd4 Qd6 18. g3 Nd3 19. Bxd3 exd3 20. Qf3 c5 21.
Bf4 Qd7 22. Bxc7 Qxc7 23. Nxb5 Qb6 24. c4 a6 25. Nc3 Qxb2 26. Rec1 Qb4 27. Nd1
Qe1+ 28. Kg2 Qe5 29. Ne3 d2 30. Rd1 Rd3 31. Rab1 Ne4 32. Qe2 Rfd8 33. Nd5 R3xd5
34. cxd5 Qxd5 35. f3 Nc3 0-1

[Event "CUB-ch"]
[Site "Holguin"]
[Date "2002.04.20"]
[Round "17"]
[White "Delgado Ramirez, Neuris"]
[Black "Vera Gonzalez Quevedo, Reynaldo"]
[Result "1/2-1/2"]
[WhiteElo "2506"]
[BlackElo "2534"]
[PlyCount "90"]
[EventDate "2002.03.31"]
[EventType "tourn"]
[EventRounds "17"]
[EventCountry "CUB"]
[EventCategory "9"]
[SourceTitle "CBM 089"]
[Source "ChessBase"]
[SourceDate "2002.08.12"]
[SourceVersion "1"]
[SourceVersionDate "2002.08.12"]
[SourceQuality "1"]

1. e4 c5 2. Nf3 d6 3. c3 Nf6 4. Be2 g6 5. O-O Bg7 6. Re1 O-O 7. Bf1 Nc6 8. h3
e5 9. d3 h6 10. a3 a6 11. b4 Be6 12. Bb2 Re8 13. Nbd2 cxb4 14. cxb4 Nd7 15. Rc1
d5 16. exd5 Bxd5 17. Ne4 b5 18. Nd6 Re6 19. Ne4 Nd4 20. Nfd2 Rc8 21. Rxc8 Qxc8
22. Nc3 Bb7 23. Nb3 Nxb3 24. Qxb3 Nb6 25. a4 bxa4 26. Nxa4 Nxa4 27. Qxa4 Bc6
28. Qa1 Bb5 29. d4 exd4 30. Rxe6 Qxe6 31. Bxb5 axb5 32. Bxd4 Bxd4 33. Qxd4 Qe1+
34. Kh2 Qe2 35. g3 h5 36. h4 Qc4 37. Qxc4 bxc4 38. b5 c3 39. b6 c2 40. b7 c1=Q
41. b8=Q+ Kg7 42. Qe5+ Kg8 43. Qb8+ Kg7 44. Qe5+ Kg8 45. Qb8+ Kg7 1/2-1/2

[Event "Capablanca Memorial Premier II 37th"]
[Site "Havana"]
[Date "2002.05.06"]
[Round "1"]
[White "Delgado Ramirez, Neuris"]
[Black "Reinaldo Castineira, Roi"]
[Result "1/2-1/2"]
[WhiteElo "2506"]
[BlackElo "2404"]
[PlyCount "27"]
[EventDate "2002.05.06"]
[EventType "tourn"]
[EventRounds "11"]
[EventCountry "CUB"]
[EventCategory "9"]
[SourceTitle "CBM 088 Extra"]
[Source "ChessBase"]
[SourceDate "2002.07.01"]
[SourceVersion "2"]
[SourceVersionDate "2002.07.01"]
[SourceQuality "1"]

1. e4 e6 2. d4 d5 3. Nd2 Be7 4. Ngf3 Nf6 5. Bd3 c5 6. exd5 Qxd5 7. dxc5 Nbd7 8.
Nb3 Nxc5 9. Bb5+ Bd7 10. Bxd7+ Ncxd7 11. Bg5 Rc8 12. c3 Qxd1+ 13. Rxd1 Nd5 14.
Bxe7 1/2-1/2

[Event "Capablanca Memorial Premier II 37th"]
[Site "Havana"]
[Date "2002.05.07"]
[Round "2"]
[White "Gunnarsson, Jon Viktor"]
[Black "Delgado Ramirez, Neuris"]
[Result "1/2-1/2"]
[WhiteElo "2396"]
[BlackElo "2506"]
[PlyCount "109"]
[EventDate "2002.05.06"]
[EventType "tourn"]
[EventRounds "11"]
[EventCountry "CUB"]
[EventCategory "9"]
[SourceTitle "CBM 088 Extra"]
[Source "ChessBase"]
[SourceDate "2002.07.01"]
[SourceVersion "2"]
[SourceVersionDate "2002.07.01"]
[SourceQuality "1"]

1. e4 c5 2. Nf3 d6 3. d4 cxd4 4. Nxd4 Nf6 5. Nc3 Nc6 6. Bg5 Bd7 7. Qd2 Nxd4 8.
Qxd4 Qa5 9. Bxf6 gxf6 10. O-O-O Rc8 11. f4 Qc5 12. Qd2 Bg7 13. f5 h5 14. Kb1
Bh6 15. Qd5 Qxd5 16. Nxd5 h4 17. Be2 Rg8 18. g3 Bg5 19. gxh4 Bxh4 20. Rhg1 Rh8
21. Rg4 e6 22. Ne3 Bg5 23. Nc4 Ke7 24. Nxd6 Rc7 25. fxe6 fxe6 26. e5 Rxh2 27.
Bd3 Bc6 28. exf6+ Bxf6 29. Ne4 Be5 30. Rg5 Bh8 31. Re1 b6 32. Rg6 Bxe4 33. Bxe4
Rc5 34. Bd3 Re5 35. Rf1 Re3 36. Bc4 Rh4 37. Bb3 a5 38. a4 b5 39. axb5 a4 40.
Ba2 Rb4 41. b3 Rxb5 42. Rg4 a3 43. b4 Bc3 44. Bb3 Rxb4 45. Rg8 Rbe4 46. Ka2 Bb2
47. Rgg1 Rh4 48. Rg6 Rh5 49. Rg4 Rhe5 50. Rg7+ Kd6 51. Rd1+ Kc5 52. Rc7+ Kb6
53. Re7 Re1 54. Rxe1 Rxe1 55. Rxe6+ 1/2-1/2

[Event "Capablanca Memorial Premier II 37th"]
[Site "Havana"]
[Date "2002.05.08"]
[Round "3"]
[White "Delgado Ramirez, Neuris"]
[Black "Gomez Fontal, Felix Manuel"]
[Result "1-0"]
[WhiteElo "2506"]
[BlackElo "2406"]
[PlyCount "61"]
[EventDate "2002.05.06"]
[EventType "tourn"]
[EventRounds "11"]
[EventCountry "CUB"]
[EventCategory "9"]
[SourceTitle "CBM 088 Extra"]
[Source "ChessBase"]
[SourceDate "2002.07.01"]
[SourceVersion "2"]
[SourceVersionDate "2002.07.01"]
[SourceQuality "1"]

1. Nf3 Nf6 2. g3 d5 3. Bg2 c5 4. O-O Nc6 5. d3 e5 6. e4 d4 7. Nbd2 Be7 8. Nc4
Nd7 9. a4 O-O 10. Bh3 Qc7 11. Nfd2 Nb6 12. Bxc8 Raxc8 13. Nxb6 Qxb6 14. Nc4 Qd8
15. Bd2 Bg5 16. f4 Bf6 17. f5 Bg5 18. h4 Bxd2 19. Qxd2 f6 20. g4 h6 21. Rf2 b6
22. Rg2 a6 23. g5 hxg5 24. hxg5 fxg5 25. Rxg5 b5 26. Qg2 Rf7 27. Nd2 c4 28. Nf3
Qe7 29. Qh2 Rf6 30. Kf2 cxd3 31. Rh1 1-0

[Event "Capablanca Memorial Premier II 37th"]
[Site "Havana"]
[Date "2002.05.09"]
[Round "4"]
[White "Delgado Ramirez, Neuris"]
[Black "Gongora Reyes, Maikel"]
[Result "1-0"]
[WhiteElo "2506"]
[BlackElo "2408"]
[PlyCount "95"]
[EventDate "2002.05.06"]
[EventType "tourn"]
[EventRounds "11"]
[EventCountry "CUB"]
[EventCategory "9"]
[SourceTitle "CBM 088 Extra"]
[Source "ChessBase"]
[SourceDate "2002.07.01"]
[SourceVersion "2"]
[SourceVersionDate "2002.07.01"]
[SourceQuality "1"]

1. e4 c5 2. Nf3 d6 3. c3 Nf6 4. Be2 g6 5. O-O Bg7 6. Re1 O-O 7. Bf1 Nc6 8. h3
e5 9. d3 h6 10. a3 Re8 11. b4 a6 12. Be3 cxb4 13. axb4 b5 14. Nbd2 d5 15. Bc5
Bb7 16. Qb1 Qc7 17. Nb3 Rad8 18. Be3 d4 19. cxd4 exd4 20. Bd2 Nd7 21. Qc1 Qd6
22. Rb1 Kh7 23. Qb2 Ba8 24. Qa3 Bb7 25. Rbc1 Bf8 26. Qb2 Bg7 27. Nc5 Nxc5 28.
Rxc5 Ne5 29. Nxe5 Bxe5 30. Qc1 g5 31. Qd1 Rc8 32. Rxc8 Rxc8 33. Be2 Rc7 34. Bg4
Bf4 35. Bxf4 gxf4 36. Bf5+ Kh8 37. Qh5 Qf6 38. h4 Qg7 39. Kh1 Rc3 40. Rd1 Rc2
41. Bh3 Kg8 42. Qf5 Rxf2 43. Qd7 f3 44. Rg1 Qg3 45. Qxb7 fxg2+ 46. Bxg2 Qxh4+
47. Bh3+ Kh7 48. Qc8 1-0

[Event "Capablanca Memorial Premier II 37th"]
[Site "Havana"]
[Date "2002.05.10"]
[Round "5"]
[White "Hauchard, Arnaud"]
[Black "Delgado Ramirez, Neuris"]
[Result "1/2-1/2"]
[WhiteElo "2518"]
[BlackElo "2506"]
[PlyCount "66"]
[EventDate "2002.05.06"]
[EventType "tourn"]
[EventRounds "11"]
[EventCountry "CUB"]
[EventCategory "9"]
[SourceTitle "CBM 088 Extra"]
[Source "ChessBase"]
[SourceDate "2002.07.01"]
[SourceVersion "2"]
[SourceVersionDate "2002.07.01"]
[SourceQuality "1"]

1. c4 Nf6 2. Nc3 e6 3. e4 d5 4. e5 d4 5. exf6 dxc3 6. bxc3 Qxf6 7. Nf3 e5 8.
Bd3 Na6 9. O-O Bd6 10. Bc2 Bg4 11. d4 Bxf3 12. Qxf3 Qxf3 13. gxf3 O-O-O 14. c5
Bf8 15. Bg5 f6 16. Be3 exd4 17. cxd4 Nb4 18. Bf5+ Kb8 19. Rab1 Nd5 20. Rb3 g6
21. Be4 Bg7 22. Rfb1 b6 23. Bxd5 Rxd5 24. a4 f5 25. a5 Bxd4 26. axb6 axb6 27.
cxb6 Bxb6 28. Bxb6 cxb6 29. Rxb6+ Kc7 30. Rb7+ Kd6 31. Kg2 Ke6 32. R1b6+ Rd6
33. Rxd6+ Kxd6 1/2-1/2

[Event "Capablanca Memorial Premier II 37th"]
[Site "Havana"]
[Date "2002.05.12"]
[Round "6"]
[White "Delgado Ramirez, Neuris"]
[Black "Herraiz Hidalgo, Herminio"]
[Result "1/2-1/2"]
[WhiteElo "2506"]
[BlackElo "2456"]
[PlyCount "37"]
[EventDate "2002.05.06"]
[EventType "tourn"]
[EventRounds "11"]
[EventCountry "CUB"]
[EventCategory "9"]
[SourceTitle "CBM 088 Extra"]
[Source "ChessBase"]
[SourceDate "2002.07.01"]
[SourceVersion "2"]
[SourceVersionDate "2002.07.01"]
[SourceQuality "1"]

1. e4 e6 2. d4 d5 3. Nd2 Be7 4. exd5 exd5 5. Bd3 Nf6 6. Ngf3 O-O 7. O-O Nbd7 8.
Re1 Re8 9. Nf1 c5 10. Ng3 cxd4 11. Nxd4 Nc5 12. Ngf5 Bf8 13. Rxe8 Qxe8 14. Bg5
Nfe4 15. Bf4 Bxf5 16. Nxf5 Qe6 17. Nd4 Qb6 18. Rb1 Ne6 19. Be3 1/2-1/2

[Event "Capablanca Memorial Premier II 37th"]
[Site "Havana"]
[Date "2002.05.13"]
[Round "7"]
[White "Vazquez Igarza, Renier"]
[Black "Delgado Ramirez, Neuris"]
[Result "1/2-1/2"]
[WhiteElo "2442"]
[BlackElo "2506"]
[PlyCount "38"]
[EventDate "2002.05.06"]
[EventType "tourn"]
[EventRounds "11"]
[EventCountry "CUB"]
[EventCategory "9"]
[SourceTitle "CBM 088 Extra"]
[Source "ChessBase"]
[SourceDate "2002.07.01"]
[SourceVersion "2"]
[SourceVersionDate "2002.07.01"]
[SourceQuality "1"]

1. e4 c5 2. Nf3 d6 3. d4 cxd4 4. Nxd4 Nf6 5. Nc3 a6 6. Be3 e5 7. Nb3 Be7 8. f3
Be6 9. Qd2 O-O 10. O-O-O Qc7 11. g4 Rc8 12. g5 Nh5 13. Nd5 Bxd5 14. exd5 Nd7
15. Bh3 a5 16. Kb1 a4 17. Nc1 Nf4 18. Bxd7 Qxd7 19. h4 Nh5 1/2-1/2

[Event "Capablanca Memorial Premier II 37th"]
[Site "Havana"]
[Date "2002.05.14"]
[Round "8"]
[White "Delgado Ramirez, Neuris"]
[Black "Herrera, Irisberto"]
[Result "1/2-1/2"]
[WhiteElo "2506"]
[BlackElo "2474"]
[PlyCount "21"]
[EventDate "2002.05.06"]
[EventType "tourn"]
[EventRounds "11"]
[EventCountry "CUB"]
[EventCategory "9"]
[SourceTitle "CBM 088 Extra"]
[Source "ChessBase"]
[SourceDate "2002.07.01"]
[SourceVersion "2"]
[SourceVersionDate "2002.07.01"]
[SourceQuality "1"]

1. e4 c5 2. Nf3 d6 3. Bb5+ Bd7 4. Qe2 Bxb5 5. Qxb5+ Qd7 6. Qxd7+ Nxd7 7. d4
cxd4 8. Nxd4 Ngf6 9. Nc3 Rc8 10. f3 a6 11. Be3 1/2-1/2

[Event "Capablanca Memorial Premier II 37th"]
[Site "Havana"]
[Date "2002.05.15"]
[Round "9"]
[White "De la Paz Perdomo, Frank"]
[Black "Delgado Ramirez, Neuris"]
[Result "1/2-1/2"]
[WhiteElo "2427"]
[BlackElo "2506"]
[PlyCount "20"]
[EventDate "2002.05.06"]
[EventType "tourn"]
[EventRounds "11"]
[EventCountry "CUB"]
[EventCategory "9"]
[SourceTitle "CBM 088 Extra"]
[Source "ChessBase"]
[SourceDate "2002.07.01"]
[SourceVersion "2"]
[SourceVersionDate "2002.07.01"]
[SourceQuality "1"]

1. e4 e5 2. Nf3 Nf6 3. d4 exd4 4. e5 Ne4 5. Qxd4 d5 6. exd6 Nxd6 7. Bg5 Nc6 8.
Qe3+ Be7 9. Bxe7 Qxe7 10. Qxe7+ Nxe7 1/2-1/2

[Event "Capablanca Memorial Premier II 37th"]
[Site "Havana"]
[Date "2002.05.06"]
[Round "10"]
[White "Delgado Ramirez, Neuris"]
[Black "Almeida Quintana, Omar"]
[Result "1/2-1/2"]
[WhiteElo "2506"]
[BlackElo "2484"]
[PlyCount "20"]
[EventDate "2002.05.06"]
[EventType "tourn"]
[EventRounds "11"]
[EventCountry "CUB"]
[EventCategory "9"]
[SourceTitle "CBM 088 Extra"]
[Source "ChessBase"]
[SourceDate "2002.07.01"]
[SourceVersion "2"]
[SourceVersionDate "2002.07.01"]
[SourceQuality "1"]

1. e4 c5 2. Nf3 Nc6 3. Nc3 e5 4. Bc4 d6 5. d3 Be7 6. O-O Nf6 7. h3 O-O 8. Bg5
Be6 9. Bxf6 Bxf6 10. Nd5 g6 1/2-1/2

[Event "Capablanca Memorial Premier II 37th"]
[Site "Havana"]
[Date "2002.05.06"]
[Round "11"]
[White "Zarnicki, Pablo Adrian"]
[Black "Delgado Ramirez, Neuris"]
[Result "1/2-1/2"]
[WhiteElo "2499"]
[BlackElo "2506"]
[PlyCount "23"]
[EventDate "2002.05.06"]
[EventType "tourn"]
[EventRounds "11"]
[EventCountry "CUB"]
[EventCategory "9"]
[SourceTitle "CBM 088 Extra"]
[Source "ChessBase"]
[SourceDate "2002.07.01"]
[SourceVersion "2"]
[SourceVersionDate "2002.07.01"]
[SourceQuality "1"]

1. e4 c5 2. c3 d6 3. d4 Nf6 4. Bd3 Nc6 5. Nf3 Bg4 6. d5 Bxf3 7. Qxf3 Ne5 8.
Bb5+ Ned7 9. Bg5 a6 10. Ba4 b5 11. Bc2 g6 12. a4 1/2-1/2

[Event "Bled ol (Men)"]
[Site "Bled"]
[Date "2002.10.28"]
[Round "3.3"]
[White "Delgado Ramirez, Neuris"]
[Black "Radulski, Julian"]
[Result "1/2-1/2"]
[WhiteElo "2539"]
[BlackElo "2487"]
[PlyCount "56"]
[EventDate "2002.10.26"]
[EventType "team-swiss"]
[EventRounds "14"]
[EventCountry "SLO"]
[SourceTitle "EXT 2003"]
[Source "ChessBase"]
[SourceDate "2002.11.25"]
[SourceVersion "1"]
[SourceVersionDate "2002.11.25"]
[SourceQuality "1"]
[WhiteTeam "Cuba"]
[BlackTeam "Bulgaria"]
[WhiteTeamCountry "CUB"]
[BlackTeamCountry "BUL"]

1. e4 e5 2. Nf3 Nc6 3. Bb5 g6 4. d4 exd4 5. Bg5 Be7 6. Bxe7 Qxe7 7. Bxc6 dxc6
8. Qxd4 Nf6 9. Nc3 Bg4 10. Nd2 O-O 11. h3 Rfd8 12. Qe3 Be6 13. O-O Qb4 14. Nb3
b6 15. Rad1 Rxd1 16. Rxd1 Re8 17. Qd4 Qe7 18. Re1 c5 19. Qe3 a5 20. Nd2 Rd8 21.
Nf3 Kg7 22. a3 Bc8 23. Qg5 h6 24. Qh4 Bb7 25. Qf4 Bc6 26. Ne5 Bb7 27. Nf3 Bc6
28. Ne5 Bb7 1/2-1/2

[Event "Bled ol (Men)"]
[Site "Bled"]
[Date "2002.10.31"]
[Round "6.3"]
[White "Delgado Ramirez, Neuris"]
[Black "Zarnicki, Pablo Adrian"]
[Result "1/2-1/2"]
[WhiteElo "2539"]
[BlackElo "2535"]
[PlyCount "121"]
[EventDate "2002.10.26"]
[EventType "team-swiss"]
[EventRounds "14"]
[EventCountry "SLO"]
[SourceTitle "EXT 2003"]
[Source "ChessBase"]
[SourceDate "2002.11.25"]
[SourceVersion "1"]
[SourceVersionDate "2002.11.25"]
[SourceQuality "1"]
[WhiteTeam "Cuba"]
[BlackTeam "Argentina"]
[WhiteTeamCountry "CUB"]
[BlackTeamCountry "ARG"]

1. e4 e5 2. Nf3 Nf6 3. Nxe5 d6 4. Nf3 Nxe4 5. c4 Nc6 6. Nc3 Nxc3 7. dxc3 Be7 8.
Be2 O-O 9. O-O Bg4 10. h3 Bh5 11. Qb3 Qc8 12. Re1 Re8 13. Be3 Bf6 14. Rad1 Ne5
15. Nd4 Bxe2 16. Nxe2 Ng6 17. Nc1 b6 18. Qa4 Re6 19. Nd3 a5 20. Bd4 Bxd4 21.
cxd4 Qe8 22. Qxe8+ Raxe8 23. Kf1 Kf8 24. g3 Rxe1+ 25. Nxe1 Ke7 26. f4 Kd7 27.
Kf2 d5 28. b3 Ne7 29. Ng2 a4 30. Ne3 axb3 31. axb3 Ra8 32. Ke2 Ra3 33. Rd3 c6
34. cxd5 cxd5 35. g4 Kd6 36. Rc3 g6 37. Nc2 Ra2 38. Kd1 Ra8 39. b4 h5 40. b5
hxg4 41. hxg4 Rh8 42. Ne3 Rh1+ 43. Kc2 Rh2+ 44. Kb3 Rd2 45. f5 gxf5 46. Nxf5+
Nxf5 47. Rc6+ Kd7 48. gxf5 Rxd4 49. Rxb6 Rf4 50. f6 Rc4 51. Ra6 Rc1 52. b6 Kc6
53. Ra7 Kxb6 54. Rxf7 Kc6 55. Ra7 Kd6 56. f7 Rc8 57. Ra1 Rf8 58. Rf1 Ke6 59.
Kc3 Rxf7 60. Rxf7 Kxf7 61. Kd3 1/2-1/2